Grama : después de años heroicos / después de años heroicos /
Descripción Física:
3 pàgs. ; il b/n ; 28 cm.
Colección:
Arrel : revista editada per la Diputació de Barcelona
; Núm. 1 (abril-juny, 1981) ; pàgs. 38-40
MARC
| LEADER | 00000nab a2200000 a 4500 | ||
|---|---|---|---|
| 001 | 8160 | ||
| 003 | Arxiu | ||
| 005 | 20260324195724.0 | ||
| 008 | 160829s9999 xx 000 0 cat d | ||
| 100 | |a Madueño, Eugeni |9 32240 | ||
| 245 | |a Grama : |b después de años heroicos / |c Eugenio Madueño | ||
| 260 | |a Barcelona : |b Diputació de Barcelona ; |c 1981 | ||
| 300 | |a 3 pàgs. ; |b il b/n ; |c 28 cm. | ||
| 490 | |a Arrel : revista editada per la Diputació de Barcelona ; |v Núm. 1 (abril-juny, 1981) ; pàgs. 38-40 |x 0211-592X | ||
| 650 | 0 | |a Premsa comarcal |x Catalunya |9 40842 | |
| 650 | |a Premsa |x Santa Coloma |x 1969 |9 42632 | ||
| 650 | |a Grama (Revista) |9 42633 | ||
| 856 | 4 | |u https://media.diba.cat/diba/fitxers/arxiu/hemeroteca/arrel/8160/bib_8160_1981_1984_n01_a06_baixa.pdf |y Accés lliure | |
| 856 | 4 | |u https://media.diba.cat/diba/fitxers/arxiu/hemeroteca/arrel/8160/bib_8160_1981_1984_n01_a06_baixa.pdf |y bib_8160_1981_1984_n01_a06_baixa.pdf | |
| 901 | |a Arxiu | ||
| 942 | |n 1 |2 udc |c Articles de revista | ||
| 952 | |0 0 |1 0 |4 0 |6 REV93 |7 1 |9 50953 |a Arxiu |b Arxiu |d 2016-12-01 |o Rev-93 |r 2016-12-01 00:00:00 |w 2016-12-01 |y ARXIU | ||
| 999 | |c 54796 |d 54796 | ||
| 900 | |a bib_8160_1981_1984_n01_a06_baixa.pdf | ||